[Event "Bundesliga 1415"]
[Site "Germany"]
[Date "2014.10.18"]
[Round "1.5"]
[White "Schenk, Andreas"]
[Black "Ragger, Markus"]
[Result "1/2-1/2"]
[WhiteElo "2491"]
[BlackElo "2658"]
[PlyCount "55"]
[EventDate "2014.10.18"]
[EventType "team-tourn"]
[EventRounds "15"]
[EventCountry "GER"]
[SourceTitle "CBM 163"]
[Source "ChessBase"]
[SourceDate "2014.11.11"]
[SourceVersion "1"]
[SourceVersionDate "2014.11.11"]
[SourceQuality "1"]
[WhiteTeam "Bayern Muenchen"]
[BlackTeam "Solingen"]
[WhiteTeamCountry "GER"]
[BlackTeamCountry "GER"]

1. d4 Nf6 2. c4 g6 3. Nc3 d5 4. Bf4 Bg7 5. e3 0-0 6. cxd5 Nxd5 7. Nxd5 Qxd5 8. Bxc7 Na6 9. Bxa6 Qxg2 10. Qf3 Qxf3 11. Nxf3 bxa6 12. Rc1 f6 13. Rg1 Rf7 14. Ke2 Bd7 15. Rc2 Rc8 16. Rc3 Bf8 17. Ba5 Rb8 18. b4 Rb5 19. a3 Rf5 20. Nh4 Rh5 21. Nf3 e5 22. Bc7 Rf5 23. Rg3 a5 24. Bxa5 Bd6 25. dxe5 Bb5+ 26. Ke1 fxe5 27. Ng5 Rd7 28. Ne4 1/2-1/2